00245nam a2200097Ia 4500008004100000082000800041100002000049245005700069942000600126999001500132240331s9999 xx 000 0 und d bSRI aUyangoda, J. ed 0aSri Lanka's Peace process 2002 critical perspectives cL c1385d1385